Quizzes
Events
Quiz Creation
Community
Videos
Private Events
Remove Ads
Sign In
Join for FREE
Feedback
Dark Mode
Quiz Categories
Sports
Geography
Music
Movies
Television
Just For Fun
Miscellaneous
History
Literature
Language
Science
Gaming
Entertainment
Religion
Holiday
For Kids
Quiz Lab
Recent
Popular Today
Quiz Kudos Today
Editor Picks
Curator Picks
Quizzes by...
Day
Popularity
Type
Ratings
Length
Year
Community
Subscriptions
Recent Discussions
Orange Saloon
Badges
Playlists
Quests
Create
Leaderboards
Showdown
Live 5
Trivia Bingo
Activity
Puzzle Library
Sporcle Events
Private Events
Virtual Trivia
Globe League
Become a Host
Pub Owners
SporcleCon
Opinionation
Our Games
Videos
Blog
Mobile Apps
Partnerships
Remove Ads and Go Orange
Feedback
Movies
Disney
Marvel Cinematic Universe
Movie Resume
Movie Titles
Oscar
Actor
Actress
Director
Pixar
Role
Movie Quotes
Movie Characters
Box Office
Nominee
Best Picture
Star Wars
James Bond
Horror Movies
Movies
Disney
Marvel Cinematic Universe
Movie Resume
Movie Titles
Oscar
Actor
Actress
Director
Pixar
Role
Movie Quotes
Movie Characters
Box Office
Nominee
Best Picture
Star Wars
James Bond
Horror Movies
Random Quiz
Search Sporcle
×
Quiz Lab
Quiz Lab
Movies
Mythology
Type in answers that appear in a list
Type in answers that appear in a list
Classic
Best Score? Go Orange.
Mythical Movie Musicians 2 Stats
Can you name the movie by its fictional musicians?
By
FearTheManatee
7m
24 Questions
422 Plays
422 Plays
422 Plays
Comments
Comments
Give Quiz Kudos
Give Quiz Kudos
-
- Ratings
hide this ad
More Info
Replay
Link that replays current quiz
Next Quiz
Link to next quiz in quiz playlist
You Got
0%
They Got
Avg Score
30%
Avg Friend Score
Upgrade to see
Score Distribution
Jump to the score distribution portion of the page
Score
0/24
Timer
07:00
0
Plays Today
Musicians
Movie Title
% Correct
Sebastian Horatio Thelonious Ignatius Crustacius
The Little Mermaid
69.9%
Dirk Diggler
Boogie Nights
67.1%
Sam
Casablanca
58.3%
The Weird Sisters
Harry Potter and the Goblet of Fire
56.9%
The Good Ol’ Boys (*alias*)
The Blues Brothers
48.3%
Sex Bob-
Omb
Scott Pilgrim vs. The World
47.4%
Johnny Casino and the Gamblers
Grease
43.1%
Infant Sorrow
Forgetting Sarah Marshall
39.6%
Wilhelmina “Willie” Scott
Indiana Jones and the Temple of Doom
33.2%
Conrad Birdie
Bye Bye Birdie
32.2%
Max Rebo Band
Star Wars Episode VI: The Return of the Jedi
32%
Randy Watson and Sexual Chocolate
Coming To America
28.7%
Musicians
Movie Title
% Correct
**** Your Yankee Blue Jeans
Clerks
28.2%
The Kenosha Kickers
Home Alone
28.2%
Johnny Fontane
The Godfather
27.3%
The Lone Rangers
Airheads
25.4%
Mitch and Mickey
A Mighty Wind
24.6%
No Vacancy
School of Rock
18.2%
The Briny Boys
Bedknobs and Broomsticks
7.8%
Not Noel Coward
Monty Python's The Meaning of Life
7.6%
Sausalito
Lost in Translation
4%
Linda Moon
Be Cool
4%
The Kelly Affair
(a.k.a The Carrie Nations)
Beyond the Valley of the Dolls
3.8%
The Oreos
A Star Is Born
1.7%
Quiz Playlist
Details
Report
Send in Message
Add To Playlist
More Info:
Most movies just make a soundtrack. These movies created entire bands. Don't forget to try the original quiz.
Classic:
Type in answers that appear in a list
Quiz Source
Last Updated: Feb 16, 2017
Quiz Scoreboard
CHALLENGE
Sign Up to Join the Scoreboard
Show All
Scores
Hide
Comments
May contain spoilers
Recently Published
Movies - When Are They Set?
by FPL_Elf
Movies
5m
Popular People in 1961
by mucciniale
History
6m
1-10 Letter E Words III
by El_Dandy
Language
2m
More to Explore
Quiz From the Vault
Featured Blog Post
Where Did the Easter Bunny Come From?
hide this ad
You Might Also Like...
Tags
Mythology Quiz
Song Quiz
fictional
Musician
Today's Top Quizzes in Movies
Browse Movies
hide this ad
Today's Top Quizzes in Mythology
Browse Mythology
Top Contributed Quizzes in Movies
1
Pick 5 Posters: Directed by Spielberg
2
Multi-Oscar Nominations, One Movie, One Winner
3
One Thing in Common: Movies
4
12 Movies about Fictional 1960s Events
5
One Thing in Common: Movies II
6
Sunday Crossword: Film Score Composers
7
Three Word 'H' Movies Match Up
8
Three Word 'T' Movies Match Up
9
One Thing in Common: Oscars
10
Three Word 'M' Movies Match Up
Explore More
Trending Topics
Crossword
Disney
NBA
Anime
Harry Potter
Marvel
Kpop
Soccer
WWE
The Office
Puzzle
Pokémon
Song
Country
NFL
hide this ad
More By:
FearTheManatee
Quiz
Plays
Rating
Category
Featured
Created
Movies by Lego
444,343
4.26
Movies
Feb 20, 2011
Hair in Television
296,378
3.77
Television
Oct 20, 2010
Gaming with Legos
190,832
4.06
Gaming
Feb 21, 2011
TV by Synonyms
180,171
4.21
Television
Oct 14, 2009
Lego Landmarks
157,176
4.04
Miscellaneous
Feb 21, 2011
Go to Creator's Profile
Score Distribution
Quiz Creator Spotlight
FearTheManatee
Follow
Send a Message
Quizzes Created
-
Created Quiz Play Count
-
More By This Creator
Popular Quizzes Today
1
Find the Countries of Europe - No Outlines Minefield
2
Find the US States - No Outlines Minefield
3
The Countries of the World
4
Popular People in 1961
5
US States
6
1-10 Letter E Words III
7
Find the US States
8
One Thing in Common: World Cities II
More Movies Quizzes
First Name Movies by First Names
Editor's Pick
Trending Quizzes
Risky Map Clicking: Least Populous States A-Z
1-10 Letter F Words
1-10 Letter G Words
One Thing in Common: United Kingdom
Risky Map Clicking: Next State Alphabetically
Recently Updated
Leaping Animals
pecheneg
Reality TV Shows (A-Z)
bhenderson79
Rickey Henderson's Hall of Fame Teammates
pecheneg
Champions League XIs: Arsenal
pecheneg
Quick Pick: Celebrities in WWE's Hall of Fame
aduchscher
A-Z Keypad Blitz II
pecheneg
Multiple Oscar Actors
pecheneg
Mystery Phrase Blitz: Oscar 'Best Actors'
pecheneg
F. Scott Fitzgerald Novels
LTH
Pick 3 Villains
ddd62291
Trending Topics
Crossword
Harry Potter
Anime
Marvel
Disney
Kpop
NBA
Country
Soccer
Pokémon
NFL
Puzzle
The Office
WWE
Song
Your Account Isn't Verified!
In order to create a playlist on Sporcle, you need to verify the email address you used during registration. Go to your
Sporcle Settings
to finish the process.
Report this User
Report this user for behavior that violates our
Community Guidelines
.
Details:
Send Report
Go to the Sporcle.com Mobile Site →
Comments